| 000 | 00445cam a2200181ua 4500 | ||
|---|---|---|---|
| 020 | _c5 | ||
| 041 |
_amal _h |
||
| 082 |
_a894.812 308 _bBAL/KI |
||
| 100 | _aBalzac, Honore de. | ||
| 245 |
_aKizhavan Gorio / _cHonore de Balzac. _hTextual Documents |
||
| 250 |
_a1 / _b. |
||
| 260 |
_a : _bSahitya Parishad Co Operative Society Limited , _c1959. |
||
| 300 | _a453 ; . | ||
| 365 | _a5 | ||
| 504 | _a | ||
| 942 | _cBK | ||
| 999 |
_c3935 _d3935 |
||